000 00549nam a2200193 a 4500
005 20260322212008.0
008 data
010 _a65-017007
096 _aWS 350 F895n 1965
100 1 _aFreud, Anna,
_d1895-
245 1 0 _aNormality and pathology in childhood; assessments of development.
_cAnna Freud.
260 _aNew York
_bInternational Universities Press
_c 1965
300 _axii, 273 p. ;
_c 23 cm.
500 _aBibliography: p. 237-245.
650 0 2 _aChild Psychiatry
650 0 2 _aChild Psychology
650 0 2 _aPsychoanalysis
001 data
999 _c139
_d139